| 000 | 00549nam a2200169 4500 | ||
|---|---|---|---|
| 001 | 109968 | ||
| 003 | ES-MaACL | ||
| 005 | 20230906184943.0 | ||
| 007 | t| | ||
| 008 | 061121s1970 sp r ||||1| spa d | ||
| 100 | 1 |
_aMohler, James A. _981801 |
|
| 245 | 1 | 0 |
_aOrigen y evolución del sacerdocio _b: un retorno a las fuentes / _cpor James A. Mohler, S. J.; traducido por Félix Alvarez, S. J. |
| 260 |
_aSantander : _bSal Terrae, _c1970. |
||
| 300 |
_a140 p. ; _c21 cm. |
||
| 700 | 1 |
_aAlvarez, Félix. _920631 |
|
| 852 |
_aES-MaACL _jC-45587 _bR.76600 |
||
| 999 |
_c109968 _d109968 |
||